Medagliere Freestyle ai Giochi Olimpici - Statistics

Statistiche generali
  • Questo quiz è stato fatto 12 volte
  • Il punteggio medio è 10 su 13
Statistiche sulle risposte
Medaglie complessive Medaglie d'Oro Medaglie d'Argento Medaglie di Bronzo Rappresentativa olimpica % Corretto
30 12 12 6 Canada
100%
3 0 0 3 Comitato Olimpico Russo
100%
4 0 1 3 Russia
100%
33 11 13 9 Stati Uniti
100%
17 5 8 4 Cina
92%
5 1 0 4 Giappone
92%
15 3 6 6 Francia
83%
4 1 2 1 Finlandia
75%
10 4 2 4 Norvegia
75%
6 2 1 3 Svezia
75%
12 6 3 3 Svizzera
67%
9 4 3 2 Australia
50%
8 4 2 2 Bielorussia
25%
Nessun quiz corrispondente trovato
Distribuzione punteggi
Percentuale di utenti per punteggio
Percentile per numero di risposta
I tuoi punteggi nel tempo
Non hai fatto questo quiz